A description of the principal picturesque beauties, antiquities, and geological phoenomena, of the Isle of Wight (Record no. 114067)
[ view plain ]
| 000 -LEADER | |
|---|---|
| fixed length control field | 00777cam a22001935a 4500 |
| 001 - CONTROL NUMBER | |
| control field | L156161 |
| 008 - FIXED-LENGTH DATA ELEMENTS--GENERAL INFORMATION | |
| fixed length control field | 120502s1816 xxk f 000 0 eng d |
| 035 ## - SYSTEM CONTROL NUMBER | |
| System control number | (Sirsi) u156161 |
| 041 0# - LANGUAGE CODE | |
| Language code of text/sound track or separate title | eng |
| 100 1# - MAIN ENTRY--PERSONAL NAME | |
| Personal name | Englefield, Henry |
| Titles and words associated with a name | Sir |
| Dates associated with a name | 1752-1822 |
| 245 02 - TITLE STATEMENT | |
| Title | A description of the principal picturesque beauties, antiquities, and geological phoenomena, of the Isle of Wight |
| 260 ## - PUBLICATION, DISTRIBUTION, ETC. | |
| Place of publication, distribution, etc. | London |
| Name of publisher, distributor, etc. | Printed by William Bulmer and Co. Cleveland-Row, St. James's, for Payne and Foss, 88 Pall-Mall |
| Date of publication, distribution, etc. | 1816 |
| 300 ## - PHYSICAL DESCRIPTION | |
| Extent | [8], xxvii, [1], 238 [4] p., 50 leaves of plates (12 folded) |
| Other physical details | ill. (part col.), maps |
| Dimensions | fol. |
| 583 0# - ACTION NOTE | |
| Action | Condition reviewed |
| Time/date of action | 20120620 |
| Status | condition level 1 |
| 651 #4 - SUBJECT ADDED ENTRY--GEOGRAPHIC NAME | |
| Geographic name | Isle of Wight |
| 690 ## - LOCAL SUBJECT ADDED ENTRY--TOPICAL TERM (OCLC, RLIN) | |
| Topical term or geographic name as entry element | Rural |
| 9 (RLIN) | 6268 |
| 700 1# - ADDED ENTRY--PERSONAL NAME | |
| Personal name | Webster, Thomas |
| Dates associated with a name | 1773-1844 |
| 942 ## - ADDED ENTRY ELEMENTS (KOHA) | |
| Suppress in OPAC | 0 |
| Withdrawn status | Lost status | Source of classification or shelving scheme | Damaged status | Not for loan | Home library | Current library | Shelving location | Date acquired | Total Checkouts | Full call number | Barcode | Date last seen | Copy number | Price effective from | Koha item type |
|---|---|---|---|---|---|---|---|---|---|---|---|---|---|---|---|
| Dewey Decimal Classification | Historic collection | Historic collection | Historic collection | 02/05/2012 | FOLIO 1816 ENGLEFIELD | 30075872 | 06/08/2019 | 1 | 06/08/2019 | Book |